000 00584nam a2200241Ia 4500
008 210210b2009 xxu||||| |||| 00| 0 eng d
020 _a9781412922593
041 _aeng
082 _a362.1 PARM
100 _aPARKIN (Paul)
245 _aManaging change in healthcare: using action research
260 _aLondon
_bSage Publications
_c2009
300 _a238
650 _ausing
650 _aresearch
650 _aManaging
650 _ain
650 _ahealthcare:
650 _achange
650 _aaction
690 _aGeneral & Personal Hygiene
906 _a065014
999 _c142795
_d142795